Normal view
MARC view
- تاريخ افريقيا الحديث والمعاصر- تاريخ
Entry Topical Term
001 - CONTROL NUMBER
- control field: 42090
003 - CONTROL NUMBER IDENTIFIER
- control field: JO-AjAnu
005 - DATE AND TIME OF LATEST TRANSACTION
- control field: 20230606081003.0
008 - FIXED-LENGTH DATA ELEMENTS
- fixed length control field: 230606|| aca||aabn | a|a d
040 ## - CATALOGING SOURCE
- Original cataloging agency: JO-AjAnu
- Transcribing agency: JO-AjAnu
150 ## - HEADING--TOPICAL TERM
- Topical term or geographic name entry element: تاريخ افريقيا الحديث والمعاصر- تاريخ
670 ## - SOURCE DATA FOUND
- Source citation: Work cat.: (JO-AjAnu)21564: حميدي، جعفر عباس, author 42089, تاريخ أفريقيا الحديث والمعاصر